Statistics for Movie Title in the Quote Quiz

Click here to take the quiz!

General Stats

  • This quiz has been taken 32,542 times
    (17,827 since last reset)
  • The average score is 10 of 18

Answer Stats

Movie Quote% Correct
If there's something strange in your neighborhood. Who ya gonna call? {Ghostbusters}!
95%
The first rule of {Fight} {Club} is: you do not talk about {Fight} {Club}
93%
We're off to see the wizard, the wonderful {Wizard} {of} {Oz}
93%
The hills are alive with the {Sound} {of} {Music}
82%
If we could somehow harness this bolt of lightning, channel it into the flux capacitor, it just might work.
Next Saturday night, we're sending you {Back} {to} {the} {Future}
80%
A new age has begun. An age of freedom, and all will know, that {300} Spartans gave their last breath to defend it!
75%
Happy {Hunger} {Games} and may the odds be ever in your favor!
73%
Welcome to {Wayne}'{s} {World}. Party on, Garth. Party on, Wayne
65%
We will not vanish without a fight! We're going to live on! We're going to survive!
Today we celebrate our {Independence} {Day}!
57%
But what we found out is that each one of us is a brain... and an athlete... and a basket case... a princess...
and a criminal. Does that answer your question? Sincerely yours, the {Breakfast} {Club}
51%
You know, I know this steak doesn't exist. I know that when I put it in my mouth,
the {Matrix} is telling my brain that it is juicy and delicious
47%
He's a silent guardian, a watchful protector. A {Dark} {Knight}
41%
Rick, Laszlo must never reach America. He stays in {Casablanca}
29%
{Soylent} {Green} is people!
27%
They drew {First} {Blood}, not me
24%
{Warriors}, come out to play-i-ay
21%
Forget it, Jake. It's {Chinatown}
19%
We each owe a death - there are no exceptions - but, oh God, sometimes the {Green} {Mile} seems so long.
8%

Score Distribution

Percentile by Number Answered

Percent of People with Each Score

Your Score History

You have not taken this quiz since the last reset